| 000 | 00866nam a2200241 a 4500 | ||
|---|---|---|---|
| 001 | 000018596 | ||
| 005 | 20200929165828.0 | ||
| 008 | 100512s2008 dr r 000 0 spa d | ||
| 020 | _a9789993458616 | ||
| 040 |
_aDO-SdBNP _bspa _cBNPHU |
||
| 082 |
_a340.9 _bM385p |
||
| 100 | 1 |
_aMartinez Calderón, Maribel, _d1958- _940204 |
|
| 245 | 1 | 0 |
_aPráctica notarial : _bla jurisdicción voluntaria / _cMaribel Martinez Calderón. |
| 260 |
_aSanto Domingo : _bCentenario, _c2008. |
||
| 300 |
_a126 p. : _b21 cm. |
||
| 500 | _aIncluye datos biográficos de la autora en la solapa de la cubierta. | ||
| 504 | _aBibliografía : p. 125-126. | ||
| 590 | _aInventariado, 2018/BT | ||
| 650 | 4 |
_aJurisdicción voluntaria _940205 |
|
| 650 | 4 |
_aNotariado y registro _916579 |
|
| 650 | 4 |
_aJurisdicción (derecho internacional) _940206 |
|
| 910 | _aValidado. Control de calidad. EMS | ||
| 999 |
_c18116 _d18116 |
||